[Event "Hastings Masters"]
[Site "Hastings"]
[Date "2008.01.02"]
[Round "6.34"]
[White "Gibson, Christopher A"]
[Black "Grant, Alan"]
[Result "1-0"]
[WhiteElo "2032"]
[BlackElo "2251"]
[PlyCount "93"]
[EventDate "2007.12.28"]
[SourceDate "2007.12.28"]

1. d4 Nf6 2. c4 g6 3. Nc3 Bg7 4. e4 d6 5. f3 O-O 6. Be3 e5 7. d5 Nh5 8. Qd2 f5
9. O-O-O a6 10. Kb1 Nd7 11. exf5 gxf5 12. g4 Nf4 13. Nge2 Ng6 14. gxf5 Rxf5 15.
Ng3 Rxf3 16. Bg2 Rf8 17. Nh5 Nb6 18. b3 Bf5+ 19. Be4 Qh4 20. Bxf5 Rxf5 21. Ng3
Rf7 22. Nce4 Nd7 23. Ng5 Raf8 24. Nxf7 Rxf7 25. Rhf1 Nf4 26. Ne2 Ng6 27. Ng3
Nf4 28. Ne2 Ng6 {(=)} 29. Rxf7 Kxf7 30. Ng3 b5 31. cxb5 axb5 32. Nf5 Qh3 33.
Nxg7 Kxg7 34. Qf2 Qg4 35. Rf1 Qe4+ 36. Ka1 Qxd5 37. h4 h5 38. Qf5 Ndf8 39. Qxh5
Qd3 40. Bh6+ Kg8 41. Qf3 Qd4+ 42. Kb1 e4 43. Qf7+ Kh8 44. Qf6+ Qxf6 45. Rxf6
Kh7 46. Bxf8 e3 47. Rxg6 1-0

[Event "Hastings Masters"]
[Site "Hastings"]
[Date "2008.01.02"]
[Round "6.35"]
[White "Young, Mel"]
[Black "Heinis, Vincent"]
[Result "1/2-1/2"]
[WhiteElo "1954"]
[BlackElo "2202"]
[PlyCount "80"]
[EventDate "2007.12.28"]
[SourceDate "2007.12.28"]

1. e4 c6 2. d4 d5 3. exd5 cxd5 4. Bd3 Nc6 5. c3 Qc7 6. h3 g6 7. Ne2 Bf5 8. Bxf5
gxf5 9. g4 O-O-O 10. gxf5 e5 11. fxe6 fxe6 12. Bf4 e5 13. Bxe5 Nxe5 14. dxe5
Bc5 15. f4 Ne7 16. Nd4 Nc6 17. Nd2 Bxd4 18. cxd4 Nxd4 19. Rc1 Nc6 20. b4 Qb6
21. Qb3 Kb8 22. a3 Rhf8 23. Rf1 Qd4 24. b5 {(=)} Ne7 25. Qc3 Qb6 26. Qd3 Ng6
27. Qg3 Ka8 28. Nb3 Qxb5 29. Rc5 Qa4 30. Qc3 Qe4+ 31. Kd1 d4 32. Qc4 Nxf4 33.
Nd2 Qe3 34. Rf3 Qg1+ 35. Rf1 Qh2 36. e6 d3 37. e7 Qe2+ 38. Kc1 Qxe7 39. Rxf4
Qe1+ 40. Kb2 Qxd2+ 1/2-1/2

[Event "Hastings Masters"]
[Site "Hastings"]
[Date "2008.01.02"]
[Round "6.36"]
[White "Fruteau, Sabine"]
[Black "O'Toole, George E"]
[Result "1-0"]
[WhiteElo "2169"]
[BlackElo "1987"]
[PlyCount "63"]
[EventDate "2007.12.28"]
[SourceDate "2007.12.28"]

1. e4 e5 2. Nf3 Nc6 3. Bb5 a6 4. Ba4 Nf6 5. O-O Be7 6. Bxc6 dxc6 7. d3 Nd7 8.
Nbd2 Bf6 9. b3 O-O 10. Nc4 Re8 11. Ne3 Nf8 12. h3 g6 13. Ng4 Bxg4 14. hxg4 c5
15. Be3 Ne6 16. Qd2 b5 17. Rad1 Qd6 18. g3 Nd4 19. Nh2 c4 20. c3 Ne6 21. g5 Be7
22. d4 exd4 23. cxd4 c3 24. Qc1 b4 25. Ng4 Red8 26. d5 Ng7 27. Bd4 Nh5 28. Qe3
Qd7 29. Nh6+ Kf8 30. g4 Ng7 31. Qf4 Qe8 32. Qe5 1-0

[Event "Hastings Masters"]
[Site "Hastings"]
[Date "2008.01.02"]
[Round "6.37"]
[White "Lee, Jia Shen"]
[Black "Mansson, James"]
[Result "0-1"]
[WhiteElo "1920"]
[BlackElo "2161"]
[PlyCount "74"]
[EventDate "2007.12.28"]
[SourceDate "2007.12.28"]

1. d4 Nf6 2. c4 e6 3. Nf3 d5 4. Bg5 h6 5. Bh4 Bb4+ 6. Nc3 g5 7. Bg3 dxc4 8.
Qa4+ Nc6 9. e3 Nd5 10. Rc1 Bd7 11. Qc2 b5 12. h4 g4 13. Ne5 f5 14. Be2 Rg8 15.
Kf1 Nxe5 16. Nxd5 exd5 17. Bxe5 Be6 18. Ra1 Bd6 19. f3 Bxe5 20. dxe5 d4 21. Rd1
d3 22. Bxd3 cxd3 23. Qc6+ Kf7 24. b3 Rb8 25. e4 Rb6 26. Qc1 fxe4 27. fxe4 Kg7
28. Qe3 c5 29. Qxc5 Qf8+ 30. Qxf8+ Rxf8+ 31. Ke1 Rc6 32. Rxd3 Rc1+ 33. Rd1
Rxd1+ 34. Kxd1 Rf2 35. g3 Rxa2 36. Rf1 Bxb3+ 37. Kc1 Ra1+ 0-1

[Event "Hastings Masters"]
[Site "Hastings"]
[Date "2008.01.02"]
[Round "6.38"]
[White "Dickson, George A"]
[Black "Coates, David H"]
[Result "1/2-1/2"]
[WhiteElo "2160"]
[BlackElo "2029"]
[PlyCount "76"]
[EventDate "2007.12.28"]
[SourceDate "2007.12.28"]

1. e4 c5 2. b3 e5 3. Bc4 Nf6 4. Nc3 Nc6 5. d3 d6 6. Bb2 Be7 7. Nge2 O-O 8. O-O
Rb8 9. a4 a6 10. h3 Bd7 11. f4 Nd4 12. a5 Be6 13. f5 Bxc4 14. dxc4 Nc6 15. Ng3
Nxa5 16. Nh5 Nc6 17. Nxf6+ Bxf6 18. Nd5 Bh4 19. f6 Bxf6 20. Nxf6+ gxf6 21. Qg4+
Kh8 22. Qh4 Nd4 23. Qxf6+ Qxf6 24. Rxf6 Rbd8 25. Raf1 Kg7 26. Kh2 Rd7 27. Bc1
Re8 28. Bh6+ Kg8 29. g4 Ne6 30. R1f5 b5 31. cxb5 axb5 32. Kg3 c4 33. bxc4 bxc4
34. h4 Ra7 35. h5 Rc7 36. c3 Rb7 37. Kh4 Rd7 38. Kg3 Rb7 1/2-1/2

[Event "Hastings Masters"]
[Site "Hastings"]
[Date "2008.01.02"]
[Round "6.39"]
[White "Franklin, Samuel"]
[Black "Donovan, Nigel"]
[Result "1/2-1/2"]
[WhiteElo "1917"]
[BlackElo "2121"]
[PlyCount "56"]
[EventDate "2007.12.28"]
[SourceDate "2007.12.28"]

1. e4 c5 2. Nf3 e6 3. d4 cxd4 4. Nxd4 Nf6 5. Nc3 d6 6. Be3 a6 7. f3 b5 8. Qd2
Nbd7 9. O-O-O Bb7 10. g4 h6 11. h4 b4 12. Na4 Qa5 13. b3 Nc5 14. a3 Nxa4 15.
axb4 Qc7 16. bxa4 d5 17. e5 Nd7 18. f4 Nb6 19. f5 Nxa4 20. fxe6 Nc3 21. exf7+
Kxf7 22. Bd3 Bxb4 23. Rdf1+ Kg8 24. Qf2 Na2+ 25. Kb1 Nc3+ 26. Kb2 Na4+ 27. Ka2
Nc3+ 28. Kb2 Na4+ 1/2-1/2

[Event "Hastings Masters"]
[Site "Hastings"]
[Date "2008.01.02"]
[Round "6.40"]
[White "Fryer, David"]
[Black "Kreiter, Thomas"]
[Result "1-0"]
[WhiteElo "2065"]
[BlackElo "1749"]
[PlyCount "83"]
[EventDate "2007.12.28"]
[SourceDate "2007.12.28"]

1. e4 c5 2. Nc3 Nc6 3. g3 g6 4. Bg2 Bg7 5. d3 d6 6. Be3 Rb8 7. Qd2 b5 8. Nge2
b4 9. Nd1 Nd4 10. O-O e6 11. Nc1 a5 12. f4 Ne7 13. c3 bxc3 14. bxc3 Ndc6 15. g4
f5 16. gxf5 exf5 17. e5 dxe5 18. Bxc5 e4 19. Qe1 Ba6 20. Rf2 Qd5 21. Bxe7 Nxe7
22. dxe4 fxe4 23. Bxe4 Qe6 24. Nb3 Rc8 25. Qe3 a4 26. Nd4 Qb6 27. Rb1 Qa7 28.
Bc6+ Rxc6 29. Nxc6 Qxe3 30. Nxe3 Nxc6 31. Rb6 Bd3 32. Rxc6 O-O 33. Rd6 Be4 34.
c4 Rc8 35. Rfd2 Bf8 36. Rd8 Rc7 37. R2d4 Re7 38. Nd5 Bxd5 39. cxd5 Ra7 40. d6
Ra6 41. Rxf8+ Kxf8 42. d7 1-0

[Event "Hastings Masters"]
[Site "Hastings"]
[Date "2008.01.02"]
[Round "6.41"]
[White "Canonne, Antoine"]
[Black "Henrichsen, Jens"]
[Result "1/2-1/2"]
[WhiteElo "2059"]
[BlackElo "1982"]
[PlyCount "56"]
[EventDate "2007.12.28"]
[SourceDate "2007.12.28"]

1. e4 c5 2. Nc3 Nc6 3. f4 g6 4. Nf3 Bg7 5. Bb5 Nd4 6. O-O Nxb5 7. Nxb5 d5 8. d3
a6 9. Nc3 d4 10. Ne2 b5 11. Qe1 e6 12. f5 e5 13. Qg3 Qd6 14. fxg6 hxg6 15. a4
b4 16. Bd2 Be6 17. b3 Ne7 18. Ng5 f6 19. Nxe6 Qxe6 20. Qf3 Kd7 21. Ng3 Kc7 22.
Rae1 Raf8 23. a5 Rh7 24. Rf2 Rb8 25. Ra1 Rb5 26. Rff1 Rh8 27. Ra4 Nc6 28. Re1
Qd7 1/2-1/2

[Event "Hastings Masters"]
[Site "Hastings"]
[Date "2008.01.02"]
[Round "6.42"]
[White "Milnes, Anthony CP"]
[Black "Cumming, Rhys"]
[Result "0-1"]
[WhiteElo "2126"]
[BlackElo "1845"]
[PlyCount "46"]
[EventDate "2007.12.28"]
[SourceDate "2007.12.28"]

1. e4 e5 2. f4 exf4 3. Nf3 g5 4. h4 g4 5. Ne5 Nf6 6. Bc4 d5 7. exd5 Bd6 8. d4
Nh5 9. O-O O-O 10. Nxg4 Qxh4 11. Nh2 Ng3 12. Re1 Bf5 13. Nc3 Nd7 14. Bd3 Bxd3
15. Qxd3 Rae8 16. Bd2 Ne5 17. Qb5 a6 18. Qb3 Ng4 19. Nxg4 Qxg4 20. Kf2 Qh4 21.
Kf3 Nf1 22. Rxe8 Rxe8 23. Ne4 Nxd2+ 0-1

[Event "Hastings Masters"]
[Site "Hastings"]
[Date "2008.01.02"]
[Round "6.44"]
[White "Salimbeni, George"]
[Black "Ringor, Rodrigo"]
[Result "0-1"]
[WhiteElo "2058"]
[BlackElo "1848"]
[PlyCount "72"]
[EventDate "2007.12.28"]
[SourceDate "2007.12.28"]

1. e4 c5 2. c3 a6 3. Nf3 d5 4. exd5 Qxd5 5. d4 Nc6 6. Be2 Bg4 7. h3 Bh5 8. O-O
Qd6 9. dxc5 Qxc5 10. Qb3 Na5 11. Qa4+ Nc6 12. Be3 Qa5 13. Qb3 Qc7 14. Nbd2 e6
15. Bb6 Qc8 16. Ne4 Be7 17. Rad1 Nf6 18. Ng3 Bg6 19. Nd4 O-O 20. Nxc6 bxc6 21.
Qa4 Nd5 22. Ba5 Bc5 23. Bf3 Qb8 24. Bb4 Bxb4 25. cxb4 Nxb4 26. Rd4 Nd5 27. b4
Qb5 28. Qb3 a5 29. a4 Qb6 30. b5 Qxd4 31. bxc6 Rac8 32. Rd1 Qc5 33. Bxd5 exd5
34. Qxd5 Qxd5 35. Rxd5 Rxc6 36. Rxa5 Bd3 0-1

[Event "Hastings Masters"]
[Site "Hastings"]
[Date "2008.01.02"]
[Round "6.45"]
[White "Auckland, Elliott"]
[Black "Adair, James"]
[Result "*"]
[WhiteElo "1910"]
[BlackElo "2044"]
[PlyCount "65"]
[EventDate "2007.12.28"]
[SourceDate "2007.12.28"]

1. d4 Nf6 2. c4 e6 3. Nf3 b6 4. g3 Ba6 5. b3 b5 6. Bg2 bxc4 7. Ne5 Bb4+ 8. Bd2
cxb3 9. Qxb3 Bxd2+ 10. Nxd2 d5 11. Rc1 O-O 12. Qc3 c6 13. Nb3 Nfd7 14. Nxc6 {
(=)} Nxc6 15. Qxc6 Bc4 16. Qa4 Rb8 17. Rc2 Qe7 18. O-O Nb6 19. Qa5 Rfc8 20.
Rfc1 Bxb3 21. axb3 Rxc2 22. Rxc2 Rc8 23. Rxc8+ Nxc8 24. Qc5 Qxc5 25. dxc5 Ne7
26. e4 a5 27. Kf1 Kf8 28. Ke2 Ke8 29. Kd3 Kd7 30. Kc3 Kc6 31. b4 axb4+ 32. Kxb4
d4 33. f4 *

[Event "Hastings Masters"]
[Site "Hastings"]
[Date "2008.01.02"]
[Round "6.46"]
[White "McClement, Andrew"]
[Black "Andersen, Daniel"]
[Result "1/2-1/2"]
[WhiteElo "1594"]
[BlackElo "2013"]
[PlyCount "74"]
[EventDate "2007.12.28"]
[SourceDate "2007.12.28"]

1. d4 Nf6 2. Nf3 g6 3. c4 Bg7 4. g3 d5 5. cxd5 Nxd5 6. e4 Nb6 7. Bg2 O-O 8. Nc3
Nc6 9. d5 Na5 10. O-O c6 11. dxc6 Nxc6 12. Qe2 Bg4 13. h3 Nd4 14. Qd1 Nxf3+ 15.
Kh1 Nh2 16. Qxd8 Rfxd8 17. Kxh2 Be6 18. Re1 Nc4 19. Nd5 Rd7 20. Rb1 Nb6 21. Bf4
Nxd5 22. exd5 Bf5 23. Be4 Bxe4 24. Rxe4 Bf8 25. Rd1 Rad8 26. Red4 e6 27. Bg5
Re8 {(=)} 28. dxe6 Rc7 29. exf7+ Kxf7 30. R4d2 Bc5 31. Kg2 Rf8 32. Be3 Bxe3 33.
fxe3 Re8 34. Rd8 Kf8 35. Rxe8+ Kxe8 36. Rd2 Ke7 37. Kf3 Ke6 {
remaining moves illegible} 1/2-1/2

[Event "Hastings Masters"]
[Site "Hastings"]
[Date "2008.01.02"]
[Round "6.47"]
[White "Jain, Akash"]
[Black "Quinn, Joseph"]
[Result "0-1"]
[WhiteElo "2000"]
[BlackElo "1758"]
[PlyCount "78"]
[EventDate "2007.12.28"]
[SourceDate "2007.12.28"]

1. e4 e5 2. Nf3 Nc6 3. Bb5 a6 4. Ba4 Nf6 5. d4 Nxd4 6. Nxd4 exd4 7. e5 Nd5 8.
Qxd4 Nb6 9. Nc3 Nxa4 10. Qxa4 Bc5 11. Qg4 Bf8 12. Bg5 d6 13. Qg3 Qd7 14. O-O-O
Qg4 15. Qe3 Be6 16. f4 h6 17. h3 Qxg2 18. Bh4 Qg6 19. Rhf1 Qf5 20. Ne2 Qxh3 21.
Bg3 O-O-O 22. Rh1 Qg4 23. Bh4 Re8 24. Rdg1 Qf5 25. Ng3 Qh7 26. Nh5 d5 27. Bf6
Rg8 28. Qa7 Qe4 29. Qa8+ Kd7 30. Qxb7 g6 31. Qxa6 Rb8 32. Qd3 {(=)} gxh5 33.
Qxe4 Rxg1+ 34. Qe1 Rxe1+ 35. Rxe1 Rb4 36. Rf1 Bf5 37. c3 Re4 38. Kd2 Bc5 39.
Rh1 Be3+ 0-1

[Event "Hastings Masters"]
[Site "Hastings"]
[Date "2008.01.02"]
[Round "6.48"]
[White "Spanton, Timothy"]
[Black "Uche, Enyi"]
[Result "0-1"]
[WhiteElo "1985"]
[BlackElo "1000"]
[PlyCount "112"]
[EventDate "2007.12.28"]
[SourceDate "2007.12.28"]

1. e4 e5 2. Nf3 Nc6 3. Bb5 a6 4. Bxc6 dxc6 5. Nc3 Bg4 6. h3 Bxf3 7. Qxf3 Qf6 8.
Qg3 O-O-O 9. d3 h6 10. Be3 Bd6 11. O-O-O Ne7 12. f3 Kb8 13. Qf2 Nc8 14. d4 exd4
15. Bxd4 Qe6 16. Bxg7 Rhg8 17. Bd4 b5 18. Kb1 Bg3 19. Qe2 Kb7 20. Bc5 Be5 21.
Rxd8 Rxd8 22. Rd1 Rxd1+ 23. Nxd1 Nb6 24. Bxb6 Kxb6 25. Nf2 Qd6 26. Nd3 Qd4 27.
Qf2 c5 28. Qxd4 Bxd4 29. b3 c4 30. bxc4 bxc4 31. Nf4 c6 32. Ne2 Kc5 33. c3 Be3
34. Kc2 Kd6 35. Nd4 Ke5 36. Nxc6+ Kf4 37. Nd4 Kg3 38. Nf5+ Kf2 39. Nxe3 Kxe3
40. h4 Kf4 41. h5 Kg3 42. Kd2 Kxg2 43. Ke3 Kg3 44. f4 Kg4 45. e5 Kxh5 46. Ke4
Kg6 47. f5+ Kg5 48. e6 fxe6 49. fxe6 Kf6 50. e7 Kxe7 51. Ke5 h5 52. Kf5 h4 53.
Kg4 Ke6 54. Kxh4 Ke5 55. Kg3 Ke4 56. Kf2 Kd3 0-1

[Event "Hastings Masters"]
[Site "Hastings"]
[Date "2008.01.02"]
[Round "6.49"]
[White "Macrae, James"]
[Black "Guo, Xi-Yang"]
[Result "1-0"]
[WhiteElo "1766"]
[BlackElo "1853"]
[PlyCount "85"]
[EventDate "2007.12.28"]
[SourceDate "2007.12.28"]

1. d4 Nf6 2. Nf3 g6 3. Bg5 Bg7 4. e3 O-O 5. c4 d6 6. Nc3 c5 7. Bd3 cxd4 8. exd4
Bg4 9. O-O Nc6 10. Be2 Qa5 11. Be3 Qb4 12. Rb1 Bxf3 13. Bxf3 Qxc4 14. Qd2 e5
15. Be2 Qb4 16. a3 Qa5 17. dxe5 dxe5 18. Qc1 a6 19. b4 Qc7 20. Rd1 Rfd8 21. Na4
Rxd1+ 22. Bxd1 Nd5 23. Bd2 Nd4 24. Qxc7 Nxc7 25. Nc5 b6 26. Nb3 Ncb5 27. a4
Nxb3 28. Bxb3 Nd4 29. Bd1 Rd8 30. Be3 f5 31. g3 Kf7 32. h4 Ke6 33. Rc1 b5 34.
axb5 Nxb5 35. Bb3+ Ke7 36. Bc5+ Kf6 37. Ra1 Bf8 38. Rxa6+ Kg7 39. Bxf8+ Rxf8
40. Rb6 Nd4 41. Rb7+ Kf6 42. Ba2 Ra8 43. Rf7# 1-0

[Event "Hastings Masters"]
[Site "Hastings"]
[Date "2008.01.02"]
[Round "6.50"]
[White "Lenier, Jude"]
[Black "Rety, John"]
[Result "0-1"]
[WhiteElo "1819"]
[BlackElo "1970"]
[PlyCount "51"]
[EventDate "2007.12.28"]
[SourceDate "2007.12.28"]

1. e4 Nf6 2. e5 Nd5 3. d4 d6 4. Nf3 Bg4 5. Be2 e6 6. c4 Nb6 7. Nc3 Nc6 8. exd6
cxd6 9. h3 Bxf3 10. Bxf3 Nxc4 11. Bxc6+ bxc6 12. Qa4 Nb6 13. Qxc6+ Qd7 14.
Qxd7+ Kxd7 15. a4 d5 16. a5 Nc4 17. O-O Bb4 18. a6 Rhb8 19. Na4 Rb5 20. Bf4 Bd6
21. Bxd6 Kxd6 22. Ra2 Rab8 23. Rb1 e5 24. dxe5+ Kxe5 25. Re1+ Kd6 26. Re2 {
remaining moves illegible} 0-1

[Event "Hastings Masters"]
[Site "Hastings"]
[Date "2008.01.03"]
[Round "7.3"]
[White "Mamedov, Nidjat"]
[Black "Greet, Andrew"]
[Result "1-0"]
[WhiteElo "2565"]
[BlackElo "2441"]
[PlyCount "133"]
[EventDate "2007.12.28"]
[SourceDate "2007.12.28"]

1. e4 e5 2. Nf3 Nc6 3. Bb5 a6 4. Ba4 Nf6 5. O-O Be7 6. Re1 b5 7. Bb3 d6 8. c3
O-O 9. h3 Na5 10. Bc2 c5 11. d3 Nc6 12. Nbd2 Qc7 13. Nf1 Be6 14. Qe2 Rad8 15.
Ng5 d5 16. Nxe6 fxe6 17. exd5 exd5 18. Bg5 g6 19. Bh6 Rf7 20. Rad1 Nh5 21. Ne3
Nf4 22. Qg4 Rd6 23. g3 Nh5 24. Bb3 Nf6 25. Qf3 Qd7 26. Qg2 Kh8 27. Bg5 Ng8 28.
Bxe7 Ngxe7 29. Ng4 Rf5 30. Re2 h5 31. Ne3 Rf8 32. Nf1 h4 33. Nh2 hxg3 34. fxg3
c4 35. dxc4 bxc4 36. Ba4 Rdf6 37. Ng4 Rf5 38. Kh2 Qe6 39. Bxc6 Qxc6 40. Rxe5
Qc5 41. Rxf5 gxf5 42. Ne5 Qc7 43. Qe2 Kg8 44. Qe3 Qd6 45. Qg5+ Kh7 46. Rd4 Ng6
47. Nxg6 Qxg6 48. Qxg6+ Kxg6 49. Rxd5 Re8 50. Rd2 Re1 51. Kg2 Kg5 52. h4+ Kf6
53. Kf3 Rf1+ 54. Rf2 Rg1 55. Rg2 Rf1+ 56. Ke3 Ke5 57. Rh2 Re1+ 58. Kd2 Rb1 59.
Kc2 Rg1 60. h5 Rxg3 61. h6 Rg8 62. h7 Rh8 63. Kd2 Kf4 64. Ke2 Kg3 65. Rh6 Re8+
66. Kf1 Rh8 67. b3 1-0

[Event "Hastings Masters"]
[Site "Hastings"]
[Date "2008.01.03"]
[Round "7.4"]
[White "Williams, Simon Kim"]
[Black "Neverov, Valeriy"]
[Result "1-0"]
[WhiteElo "2482"]
[BlackElo "2558"]
[PlyCount "121"]
[EventDate "2007.12.28"]
[SourceDate "2007.12.28"]

1. e4 c5 2. Nf3 e6 3. b3 b6 4. c4 Bb7 5. Nc3 Nc6 6. Bb2 a6 7. a3 Qc7 8. Bd3 Nf6
9. O-O Bd6 10. Re1 Ne5 11. Nxe5 Bxe5 12. h3 O-O 13. Qc2 Nh5 14. Nd1 Nf4 15. Bf1
f5 16. d3 fxe4 17. dxe4 Rf6 18. g3 Rg6 19. Bxe5 Qxe5 20. Qc3 Qc7 21. Kh1 Nh5
22. Bg2 Rf8 23. Ra2 Bc6 24. Rd2 Qb7 25. Qe3 Nf6 26. Nc3 e5 27. b4 cxb4 28. axb4
b5 29. c5 Ne8 30. Nd5 Re6 31. Kg1 Nf6 32. Red1 Ree8 33. h4 Rf7 34. Nxf6+ Rxf6
35. Rd6 Ref8 36. f3 Qa8 37. Qa3 Kh8 38. R1d3 h6 39. Kh2 Rxd6 40. Rxd6 Rf6 41.
Rxf6 gxf6 42. Bh3 Kg7 43. Bf5 Qg8 44. h5 Qc4 45. Kh3 Qe2 46. Qc3 Qc4 47. Qa3
Qe2 48. Bg6 a5 49. bxa5 Qc4 50. a6 b4 51. Qa5 b3 52. Qb6 Qb5 53. Qd8 Qxc5 54.
a7 Qd6 55. Qb8 Qe6+ 56. Kh4 Qg8 57. Qb4 Qe6 58. Bf5 Qg8 59. Bxd7 Bxd7 60. Qe7+
Kh8 61. Qxf6+ 1-0

[Event "Hastings Masters"]
[Site "Hastings"]
[Date "2008.01.03"]
[Round "7.5"]
[White "Conquest, Stuart"]
[Black "Hebden, Mark"]
[Result "1/2-1/2"]
[WhiteElo "2540"]
[BlackElo "2542"]
[PlyCount "96"]
[EventDate "2007.12.28"]
[SourceDate "2007.12.28"]

1. e4 e5 2. Nf3 Nc6 3. Nc3 Nf6 4. Bb5 Nd4 5. Ba4 c6 6. d3 Nxf3+ 7. Qxf3 d6 8.
O-O Be7 9. Nd5 h6 10. c3 Be6 11. Nxe7 Qxe7 12. Qe2 g5 13. Re1 Bg4 14. Qf1 Bd7
15. d4 Rg8 16. Bc2 h5 17. dxe5 dxe5 18. b4 g4 19. Be3 Nh7 20. Red1 Ng5 21. Kh1
Be6 22. Qd3 h4 23. Bxg5 Rxg5 24. Bb3 Rg6 25. Bxe6 Qxe6 26. Rd2 h3 27. Rad1 Kf8
28. Rg1 hxg2+ 29. Rxg2 Kg7 30. f3 gxf3 {(=)} 31. Qxf3 {(=)} Rh8 32. Rxg6+ fxg6
33. Qd3 Qf7 34. Qd7 Rh4 35. Qxf7+ Kxf7 36. Rd7+ Ke6 37. Rxb7 Rxe4 38. Rxa7 Rc4
39. Kg2 Rxc3 40. a4 Rc4 41. b5 {(=)} cxb5 42. axb5 Rb4 43. Rb7 Kf5 44. b6 Rb2+
45. Kg3 Rb3+ 46. Kf2 Rb2+ 47. Kg3 Rb3+ 48. Kf2 Rb2+ 1/2-1/2

[Event "Hastings Masters"]
[Site "Hastings"]
[Date "2008.01.03"]
[Round "7.8"]
[White "Rudd, Jack"]
[Black "Pavlovic, Milos"]
[Result "0-1"]
[WhiteElo "2332"]
[BlackElo "2536"]
[PlyCount "116"]
[EventDate "2007.12.28"]
[SourceDate "2007.12.28"]

1. e4 c6 2. d4 d5 3. Nd2 dxe4 4. Nxe4 Bf5 5. Ng3 Bg6 6. h4 h6 7. Nf3 Nd7 8. h5
Bh7 9. Bd3 Bxd3 10. Qxd3 e6 11. Bd2 Ngf6 12. O-O-O Be7 13. Kb1 O-O 14. Ne4 c5
15. Bc3 Qc7 16. g4 Nxe4 17. Qxe4 Nf6 18. Qe2 Nd5 19. Bd2 cxd4 20. Nxd4 Bf6 21.
Nb5 Qc5 22. c4 a6 23. cxd5 axb5 24. Be3 Qb4 25. d6 Rfd8 26. d7 Rxd7 27. f3 Rc7
28. Rd3 Rac8 29. Rb3 Qc4 30. Qxc4 bxc4 31. Rb5 c3 32. bxc3 Rxc3 33. Rc1 Rxc1+
34. Bxc1 Rc7 35. f4 Bd4 36. a4 f6 37. g5 hxg5 38. fxg5 fxg5 39. Bxg5 e5 40. h6
Kh7 41. hxg7 Kxg7 42. Rd5 Kg6 43. Bd8 Rc4 44. a5 Kf5 45. Rd7 Rb4+ 46. Kc2 Ke4
47. Rd6 Rb2+ 48. Kc1 Rb5 49. a6 Bc5 50. Bc7 bxa6 51. Rxa6 Kd3 52. Ra1 e4 53.
Bf4 e3 54. Ra8 e2 55. Rd8+ Bd4 56. Bg3 Ra5 57. Rb8 Rc5+ 58. Kb1 Rg5 0-1

[Event "Hastings Masters"]
[Site "Hastings"]
[Date "2008.01.03"]
[Round "7.9"]
[White "Bindrich, Falko"]
[Black "Abu Sufian, Sakil"]
[Result "0-1"]
[WhiteElo "2512"]
[BlackElo "2361"]
[PlyCount "160"]
[EventDate "2007.12.28"]
[SourceDate "2007.12.28"]

1. e4 c5 2. Nf3 d6 3. d4 cxd4 4. Nxd4 Nf6 5. Nc3 g6 6. Be3 Bg7 7. f3 O-O 8. Qd2
Nc6 9. Bc4 Bd7 10. O-O-O Rc8 11. Bb3 Ne5 12. Kb1 Re8 13. h4 h5 14. Bg5 Rc5 15.
Rhe1 Qa5 16. f4 Nc4 17. Bxc4 Rxc4 18. Nb3 Qa6 19. e5 Nh7 20. exd6 Bxc3 21. bxc3
e6 22. Be7 Rec8 23. Kb2 Qc6 24. Re3 Rxf4 25. Rg3 e5 26. Re1 Qb5 27. Qe3 b6 28.
Qxe5 Qxe5 29. Rxe5 Rg4 30. Rxg4 Bxg4 31. Nd4 f6 32. Rd5 Bd7 33. Kb3 Kf7 34. c4
g5 35. hxg5 Nxg5 36. Ne2 Rh8 37. Nf4 h4 38. Rd1 Bc6 39. d7 Kxe7 40. Ng6+ Kd8
41. Nxh8 Bxg2 42. Ng6 h3 43. Nf4 Bc6 44. Nxh3 Nxh3 45. Rd6 Bxd7 46. Rxf6 Ng5
47. Rh6 Ne4 48. Kb4 {(=)} Kc7 49. Rg6 a5+ 50. Kb3 Be6 51. Rh6 b5 52. Kb2 Bxc4
53. a4 b4 54. Rh5 Kb6 55. Rh6+ Kc5 56. Rh8 Bd5 57. Rh3 Kc4 58. Rh7 Nc5 59. Rc7
Bb7 60. Kc1 Kd5 61. c3 Kd6 62. cxb4 axb4 63. Rg7 Bc6 64. a5 Nb3+ 65. Kc2 Nxa5
66. Kd3 Kc5 67. Rh7 Bd5 68. Rh5 Nc4 69. Rh8 Nb6 70. Rh5 b3 71. Rh4 Bc4+ 72. Kd2
Kb4 73. Rh1 Bd5 74. Rg1 Be4 75. Ke3 Bc2 76. Kd4 b2 77. Rh1 Na4 78. Ke3 Kc3 79.
Rg1 Nc5 80. Rh1 Nd3 0-1

[Event "Hastings Masters"]
[Site "Hastings"]
[Date "2008.01.03"]
[Round "7.10"]
[White "Houska, Jovanka"]
[Black "Haslinger, Stewart"]
[Result "1/2-1/2"]
[WhiteElo "2404"]
[BlackElo "2502"]
[PlyCount "43"]
[EventDate "2007.12.28"]
[SourceDate "2007.12.28"]

1. d4 d5 2. c4 c6 3. Nf3 Nf6 4. e3 Bg4 5. h3 Bxf3 6. Qxf3 e6 7. Nc3 Nbd7 8. g3
Bb4 9. Bd2 O-O 10. cxd5 cxd5 11. Bg2 Bxc3 12. Bxc3 Ne4 13. O-O Nxc3 14. bxc3
Rc8 15. Rfc1 Qa5 16. e4 Nb6 17. exd5 exd5 18. Rab1 Rc7 19. Rb3 Re8 20. Bf1 g6
21. h4 Rce7 22. Rbb1 1/2-1/2

[Event "Hastings Masters"]
[Site "Hastings"]
[Date "2008.01.03"]
[Round "7.11"]
[White "Flear, Glenn C"]
[Black "Eames, Robert"]
[Result "1-0"]
[WhiteElo "2493"]
[BlackElo "2304"]
[PlyCount "113"]
[EventDate "2007.12.28"]
[SourceDate "2007.12.28"]

1. d4 Nf6 2. c4 e6 3. Nc3 Bb4 4. Qc2 O-O 5. a3 Bxc3+ 6. Qxc3 b5 7. cxb5 c6 8.
Qd3 cxb5 9. e4 d5 10. e5 Ne4 11. Nh3 f6 12. f3 Ng5 13. Nxg5 fxg5 14. Be2 Ba6
15. Be3 b4 16. Qd2 Bxe2 17. Bxg5 Qb6 18. Kxe2 Nc6 19. Rhd1 Rf5 20. Be3 b3 21.
Rac1 a5 22. a4 Nb4 23. Rc5 Rff8 24. Kf2 Rfb8 25. Qe2 Nc2 26. f4 Qd8 27. Qg4 Qd7
28. Rd3 Rc8 29. Rxc8+ Rxc8 30. Rxb3 Nb4 31. Rc3 Rb8 32. b3 Rc8 33. Bd2 Nc6 34.
Rd3 Ra8 35. Bc3 Ne7 36. g3 Nf5 37. Qd1 Qf7 38. Qd2 g5 39. Kg2 gxf4 40. Qxf4 h5
41. Bd2 Kh7 42. h3 Qg6 43. Rc3 Ra7 44. Kh2 Rf7 45. Rf3 h4 46. g4 Nd6 47. Qe3
Rxf3 48. Qxf3 Ne4 49. Be1 Ng5 50. Qe2 Qf7 51. Bxh4 Qf4+ 52. Kg2 Ne4 53. Bf2 Qc1
54. h4 Qc3 55. Qf3 Qd2 56. Qf7+ Kh8 57. g5 1-0

[Event "Hastings Masters"]
[Site "Hastings"]
[Date "2008.01.03"]
[Round "7.12"]
[White "Radovanovic, Jovica"]
[Black "Gormally, Daniel"]
[Result "0-1"]
[WhiteElo "2355"]
[BlackElo "2484"]
[PlyCount "60"]
[EventDate "2007.12.28"]
[SourceDate "2007.12.28"]

1. e4 c5 2. Nf3 d6 3. d4 cxd4 4. Nxd4 Nf6 5. Nc3 a6 6. Bg5 e6 7. f4 Be7 8. Qf3
Qc7 9. O-O-O Nbd7 10. g4 b5 11. Bxf6 Nxf6 12. g5 Nd7 13. f5 Bxg5+ 14. Kb1 Ne5
15. Qh5 Qe7 16. Nxe6 {(=)} Bxe6 17. fxe6 g6 18. exf7+ Kxf7 19. Qe2 Kg7 20. Nd5
Qd8 21. Bh3 Rf8 22. Rhf1 Ra7 23. Be6 Re8 24. Bh3 Rf7 25. Rxf7+ Nxf7 26. Qe1 Ne5
27. Qc3 Kh8 28. Nc7 b4 29. Qxb4 Qxc7 30. Qxd6 Rd8 0-1

[Event "Hastings Masters"]
[Site "Hastings"]
[Date "2008.01.03"]
[Round "7.13"]
[White "Marusenko, Petr"]
[Black "Roy Chowdhury, Saptarshi"]
[Result "1/2-1/2"]
[WhiteElo "2304"]
[BlackElo "2418"]
[PlyCount "60"]
[EventDate "2007.12.28"]
[SourceDate "2007.12.28"]

1. d4 Nf6 2. Nf3 e6 3. e3 c5 4. Bd3 Be7 5. O-O O-O 6. b3 b6 7. Bb2 Bb7 8. c4 d6
9. Nc3 cxd4 10. exd4 d5 11. Qe2 Nc6 12. Rad1 Re8 13. Qe3 Rc8 14. Ne5 Bb4 15.
Ne2 Qe7 16. Qh3 g6 17. Bc1 Nxe5 18. dxe5 Nh5 19. Ng3 Ng7 20. cxd5 exd5 21. Bb5
Red8 22. Qg4 h5 23. Qg5 Ne6 24. Qh6 {(=)} Qf8 25. Qe3 Rc2 26. Ne2 Rxa2 27. Nf4
Nxf4 28. Qxf4 Bc8 29. Bd3 Be6 30. Qg3 Be7 1/2-1/2